Right to buy (Record no. 121302)
[ view plain ]
| 000 -LEADER | |
|---|---|
| fixed length control field | 01481cam a22002535a 4500 |
| 008 - FIXED-LENGTH DATA ELEMENTS--GENERAL INFORMATION | |
| fixed length control field | 230109s2009 xxkk fo 000 0 eng u |
| 020 ## - INTERNATIONAL STANDARD BOOK NUMBER | |
| International Standard Book Number | 9781842193015 |
| 041 0# - LANGUAGE CODE | |
| Language code of text/sound track or separate title | eng |
| 110 2# - MAIN ENTRY--CORPORATE NAME | |
| Corporate name or jurisdiction name as entry element | Royal Institution of Chartered Surveyors |
| 9 (RLIN) | 4354 |
| 245 00 - TITLE STATEMENT | |
| Title | Right to buy |
| Remainder of title | valuations for right to buy, right to acquire and equity sharing of social housing |
| -- | RICS code of practice |
| Medium | [archived] |
| 250 ## - EDITION STATEMENT | |
| Edition statement | Replaces by 2006 edition |
| 260 ## - PUBLICATION, DISTRIBUTION, ETC. | |
| Place of publication, distribution, etc. | London, |
| Name of publisher, distributor, etc. | RICS, |
| Date of publication, distribution, etc. | 2009 |
| 300 ## - PHYSICAL DESCRIPTION | |
| Extent | 51p. |
| Dimensions | 30cm. |
| 490 #0 - SERIES STATEMENT | |
| Series statement | RICS Code of Practice |
| 520 ## - SUMMARY, ETC. | |
| Summary, etc. | Revised issue 2009 |
| 520 ## - SUMMARY, ETC. | |
| Summary, etc. | RICS Code of Practice applies to all valuations of social homes whether for Right to Buy/Right to Acquire or equity sharing purposes. Because the valuation element cannot be considered in isolation, this Code also deals with the whole process from the receipt of the tenant's application. Developed in response to the College of Estate Management report Valuing For Right To Buy (J126372). Includes information on statutory frameworks; the valuation processes; appeals procedures; communications and monitoring; records; and includes sample forms. |
| 650 ## - SUBJECT ADDED ENTRY--TOPICAL TERM | |
| Topical term or geographic name entry element | RIGHT TO BUY |
| 650 ## - SUBJECT ADDED ENTRY--TOPICAL TERM | |
| Topical term or geographic name entry element | SOCIAL HOUSING |
| 651 #4 - SUBJECT ADDED ENTRY--GEOGRAPHIC NAME | |
| Geographic name | United Kingdom |
| 690 ## - LOCAL SUBJECT ADDED ENTRY--TOPICAL TERM (OCLC, RLIN) | |
| Topical term or geographic name as entry element | Valuation |
| 9 (RLIN) | 6273 |
| 760 ## - MAIN SERIES ENTRY | |
| Edition | Revised |
| 856 ## - ELECTRONIC LOCATION AND ACCESS | |
| Uniform Resource Identifier | <a href="https://www.isurv.com/downloads/download/203/valuations_for_right_to_buy_right_to_acquire_and_equity_sharing_of_social_housing_archived">https://www.isurv.com/downloads/download/203/valuations_for_right_to_buy_right_to_acquire_and_equity_sharing_of_social_housing_archived</a> |
| Public note | Available on iSurv (subscription required) |
| 942 ## - ADDED ENTRY ELEMENTS (KOHA) | |
| Suppress in OPAC | 0 |
| Source of classification or shelving scheme | Dewey Decimal Classification |
| Withdrawn status | Lost status | Source of classification or shelving scheme | Damaged status | Not for loan | Home library | Current library | Shelving location | Date acquired | Total Checkouts | Full call number | Date last seen | Price effective from | Koha item type | Public note |
|---|---|---|---|---|---|---|---|---|---|---|---|---|---|---|
| Dewey Decimal Classification | Virtual | Virtual | Online | 09/01/2023 | iSurv | 09/01/2023 | 09/01/2023 | Online material | Available on iSurv (subscription required) |